Economics of resources, agriculture, and food /

Bibliographic Details
Main Author: Seitz, Wesley D.
Other Authors: Nelson, Gerald C., Halcrow, Harold G.
Format: Book
Language:English
Published: Dubuque, Iowa : McGraw-Hill, [2002]
Edition:2nd ed.
Series:McGraw-Hill series in agricultural economics.
Subjects:
Online Access:Table of contents
Publisher description

MARC

Tag First Indicator Second Indicator Subfields
LEADER 00000cam a22000004a 4500
001 in00002027721
005 20151031164617.0
008 010409s2002 iaua 001 0 eng
010 |a  2001031266 
015 |a GBA2-18340 
019 |a 49299610 
020 |a 0070259585 
035 |a (OCoLC)ocm46732420 
040 |a DLC  |c DLC  |d AGL  |d UKM  |d UtOrBLW 
042 |a pcc 
049 |a TXAM 
050 0 0 |a HD1415  |b .S395 2002 
070 0 |a HD1415  |b .S395 2002 
072 0 |a E100 
082 0 0 |a 338.1  |2 21 
100 1 |a Seitz, Wesley D. 
245 1 0 |a Economics of resources, agriculture, and food /  |c Wesley D. Seitz, Gerald C. Nelson, Harold G. Halcrow. 
250 |a 2nd ed. 
264 1 |a Dubuque, Iowa :  |b McGraw-Hill,  |c [2002] 
264 4 |c ©2002 
300 |a xxiv, 520 pages :  |b illustrations ;  |c 24 cm. 
336 |a text  |b txt  |2 rdacontent 
337 |a unmediated  |b n  |2 rdamedia 
338 |a volume  |b nc  |2 rdacarrier 
490 1 |a McGraw-Hill series in agricultural economics 
500 |a Includes index. 
650 0 |a Agriculture  |x Economic aspects. 
650 0 |a Agricultural industries. 
650 0 |a Agriculture and state. 
700 1 |a Nelson, Gerald C. 
700 1 |a Halcrow, Harold G. 
830 0 |a McGraw-Hill series in agricultural economics. 
856 4 1 |3 Table of contents  |u http://www.loc.gov/catdir/toc/mh041/2001031266.html  |t 0 
856 4 2 |3 Publisher description  |u http://www.loc.gov/catdir/description/mh021/2001031266.html  |t 0 
948 |a cataloged  |b h  |c 2005/1/18  |d c  |e rdavis  |f 3:31:07 pm 
994 |a E0  |b TXA 
999 |a MARS 
999 f f |s 8fda56b9-521b-301a-83e5-0e813a525096  |i 8c30d8cf-f1ec-328a-b173-5f8e209d7aef  |t 0 
952 f f |p normal  |a Texas A&M University  |b College Station  |c Sterling C. Evans Library  |d Evans: Library Stacks  |t 0  |e HD1415 .S395 2002  |h Library of Congress classification  |i unmediated -- volume  |m A14832241281 
998 f f |a HD1415 .S395 2002  |t 0  |l Evans: Library Stacks